[Event "Chigorin Memorial 30th"]
[Site "St Petersburg"]
[Date "2023.10.25"]
[Round "5"]
[White "Rachikhin, Roman"]
[Black "Sakovich, Luka"]
[Result "0-1"]
[WhiteElo "1457"]
[BlackElo "1760"]
[PlyCount "90"]
[EventDate "2023.10.21"]
[EventType "swiss"]
[EventRounds "9"]
[EventCountry "RUS"]
[SourceTitle "Mega2024 Update 01"]
[Source "Chessbase"]
[SourceDate "2023.11.12"]
[SourceVersion "1"]
[SourceVersionDate "2023.11.12"]
[SourceQuality "1"]

1. e4 e5 2. Nf3 Nc6 3. Bb5 a6 4. Bxc6 dxc6 5. Nc3 Bd6 6. d4 Bg4 7. dxe5 Bxf3 8. Qxf3 Bxe5 9. Bf4 Bxf4 10. Qxf4 Qd6 11. Qg3 Qxg3 12. hxg3 0-0-0 13. Rd1 h6 14. Rxd8+ Kxd8 15. f3 Nf6 16. Kf2 Ke7 17. Rd1 Nd7 18. b3 h5 19. Rh1 Nf6 20. g4 Rd8 21. g5 Ne8 22. Ke3 g6 23. f4 Nd6 24. Na4 b6 25. Nc3 Nb5 26. Ne2 c5 27. c3 a5 28. f5 c4 29. f6+ Ke8 30. Nd4 Nxc3 31. bxc4 c5 32. Nb5 Nxb5 33. cxb5 Rc8 34. e5 c4 35. g4 Rc5 36. Kd4 hxg4 37. Rh8+ Kd7 38. Rf8 g3 39. Rxf7+ Ke8 40. Re7+ Kd8 41. Ke3 c3 42. Rh7 c2 43. Rh8+ Kd7 44. Rh7+ Ke6 45. Kd4 c1Q 0-1

[Event "St Petersburg Korchnoi Memorial op"]
[Site "St Petersburg"]
[Date "2023.08.24"]
[Round "9"]
[White "Fedorov, Semen"]
[Black "Sakovich, Luka"]
[Result "1/2-1/2"]
[WhiteElo "1652"]
[BlackElo "1861"]
[PlyCount "94"]
[EventDate "2023.08.18"]
[EventType "swiss"]
[EventRounds "9"]
[EventCountry "RUS"]
[SourceTitle "EXT 2024"]
[Source "ChessBase"]
[SourceDate "2023.10.10"]
[SourceVersion "1"]
[SourceVersionDate "2023.10.10"]
[SourceQuality "1"]

1. e4 e5 2. Nf3 Nc6 3. Bb5 a6 4. Ba4 Nf6 5. d3 Bc5 6. c3 b5 7. Bc2 0-0 8. 0-0 d6 9. Nbd2 Bb6 10. Re1 Ne7 11. Nf1 Ng6 12. Be3 c6 13. h3 Re8 14. a4 Rb8 15. axb5 axb5 16. Bxb6 Qxb6 17. d4 Nf4 18. Qd2 N6h5 19. Kh2 Qc7 20. dxe5 dxe5 21. Red1 Nxg2 22. Kxg2 Nf4+ 23. Kh2 Bxh3 24. Qd6 Qb6 25. Ne3 Re6 26. Ra6 Qb7 27. Qd8+ Re8 28. Qa5 Qc8 29. Nf5 g6 30. Rg1 Kh8 31. Ne3 Bg2 32. Rxg2 Qh3+ 33. Kg1 Nxg2 34. Nxg2 Qxf3 35. Qa1 Rbd8 36. Qe1 Rd6 37. Qe3 Qg4 38. Ra7 Red8 39. Rxf7 Rd1+ 40. Bxd1 Rxd1+ 41. Kh2 Qh5+ 42. Kg3 Rh1 43. f3 Qh3+ 44. Kf2 Qh2 45. Qa7 Qg1+ 46. Kg3 Qh2+ 47. Kf2 Qg1+ 1/2-1/2

[Event "St Petersburg Korchnoi Memorial op"]
[Site "St Petersburg"]
[Date "2023.08.21"]
[Round "5"]
[White "Dodonov, Ivan"]
[Black "Sakovich, Luka"]
[Result "0-1"]
[WhiteElo "1605"]
[BlackElo "1861"]
[PlyCount "120"]
[EventDate "2023.08.18"]
[EventType "swiss"]
[EventRounds "9"]
[EventCountry "RUS"]
[SourceTitle "EXT 2024"]
[Source "ChessBase"]
[SourceDate "2023.10.10"]
[SourceVersion "1"]
[SourceVersionDate "2023.10.10"]
[SourceQuality "1"]

1. e4 e5 2. Nf3 Nc6 3. d4 exd4 4. Nxd4 Bc5 5. Nb3 Bb6 6. Nc3 d6 7. Bf4 Nge7 8. Qd2 Ng6 9. Bg5 f6 10. Be3 Be6 11. Bb5 a6 12. Ba4 Bxe3 13. Bxc6+ bxc6 14. Qxe3 Ne5 15. Nd4 Bd7 16. 0-0-0 Rb8 17. Qe2 c5 18. Nf5 Bxf5 19. exf5 0-0 20. f4 Nc6 21. Rd3 Nd4 22. Qh5 Qe8 23. Qxe8 Rfxe8 24. g4 Ne2+ 25. Nxe2 Rxe2 26. g5 Kf7 27. Rh3 Rg2 28. Rxh7 fxg5 29. fxg5 Rxg5 30. Rf1 Kf6 31. h4 Rg2 32. h5 Re8 33. h6 Ree2 34. Rxg7 Rxc2+ 35. Kd1 Rxb2 36. Rxg2 Rxg2 37. Rh1 Rg8 38. Rh5 c4 39. a4 d5 40. a5 d4 41. Kd2 c3+ 42. Kd3 c5 43. h7 Rh8 44. Rh6+ Ke5 45. f6 c4+ 46. Kxc4 c2 47. Rh1 Rxh7 48. Re1+ Kxf6 49. Rf1+ Ke5 50. Re1+ Kf4 51. Kd3 Rc7 52. Rc1 Ke5 53. Rxc2 Rxc2 54. Kxc2 Kd5 55. Kd2 Kc4 56. Kc2 Kb4 57. Kd3 Kxa5 58. Kxd4 Kb4 59. Kd3 Kb3 60. Kd2 Kb2 0-1

[Event "St Petersburg Korchnoi Memorial op"]
[Site "St Petersburg"]
[Date "2023.08.19"]
[Round "2"]
[White "Sakovich, Luka"]
[Black "Kalmachevskikh, Lyubov"]
[Result "1-0"]
[WhiteElo "1861"]
[BlackElo "1347"]
[PlyCount "101"]
[EventDate "2023.08.18"]
[EventType "swiss"]
[EventRounds "9"]
[EventCountry "RUS"]
[SourceTitle "EXT 2024"]
[Source "ChessBase"]
[SourceDate "2023.10.10"]
[SourceVersion "1"]
[SourceVersionDate "2023.10.10"]
[SourceQuality "1"]

1. e4 c5 2. Nf3 Nc6 3. d4 cxd4 4. Nxd4 d5 5. exd5 Qxd5 6. Be3 e6 7. Nc3 Bb4 8. Ndb5 Qe5 9. a3 Be7 10. Be2 Nf6 11. Qc1 Qb8 12. 0-0 a6 13. Nd4 Bd7 14. Qd2 Nxd4 15. Bxd4 Bc6 16. Rad1 0-0 17. Qe3 h6 18. Be5 Qe8 19. Rd3 Nd7 20. Bf4 g5 21. Bg3 Bc5 22. Qd2 f5 23. Bd6 Bxd6 24. Rxd6 Nb6 25. Qe3 Nd5 26. Nxd5 exd5 27. Re6 Qf7 28. Rxh6 f4 29. Qe5 Qg7 30. Qe6+ Qf7 31. Rg6+ Kh7 32. Qh3+ Kxg6 33. Bh5+ Kf6 34. Qc3+ Kf5 35. Qd3+ Kf6 36. Qd4+ Kf5 37. g4+ Ke6 38. Re1+ Kd7 39. Bxf7 Rxf7 40. Qe5 Raf8 41. b3 Kc8 42. Qxg5 d4 43. h4 f3 44. h5 Rf4 45. Kh2 b6 46. h6 Be4 47. Rxe4 Rxe4 48. Qd5 Ree8 49. Qc6+ Kd8 50. Qxb6+ Ke7 51. Qxd4 1-0

[Event "Wch U18 blitz"]
[Site "Batumi"]
[Date "2023.06.11"]
[Round "11"]
[White "Sakovich, Luka"]
[Black "Karibaev, Dimash"]
[Result "0-1"]
[WhiteElo "1903"]
[BlackElo "1725"]
[PlyCount "104"]
[EventDate "2023.06.10"]
[EventType "swiss (blitz)"]
[EventRounds "11"]
[EventCountry "GEO"]
[SourceTitle "EXT 2024"]
[Source "ChessBase"]
[SourceDate "2023.10.10"]
[SourceVersion "1"]
[SourceVersionDate "2023.10.10"]
[SourceQuality "1"]
[WhiteTeam "FIDE"]
[BlackTeam "Kazakhstan"]
[BlackTeamCountry "KAZ"]

1. e4 e6 2. d4 d5 3. Nd2 Be7 4. exd5 exd5 5. Bd3 Nc6 6. c3 Nf6 7. Ngf3 Bg4 8. h3 Bh5 9. Qb3 Qd6 10. Nf1 0-0 11. Bd2 Ne4 12. g4 Bg6 13. Be3 Nxf2 14. Bxg6 Nxh1 15. Bd3 Ng3 16. 0-0-0 Ne4 17. Qc2 Qe6 18. N1d2 Nf6 19. Re1 g6 20. Bh6 Qd6 21. Bxf8 Bxf8 22. Ne5 Bh6 23. Kb1 Bxd2 24. Qxd2 Re8 25. Qg5 Nd7 26. Nf3 Rxe1+ 27. Nxe1 Qe7 28. Qd2 Nf6 29. Nf3 Kg7 30. a3 h6 31. g5 hxg5 32. Qxg5 Ne4 33. Qxd5 Nf2 34. Bc2 Nxh3 35. Qb5 Qe3 36. Bd1 Nf2 37. Qf1 Qd3+ 38. Qxd3 Nxd3 39. Kc2 Nf4 40. Nd2 Ne7 41. Nc4 g5 42. Bf3 b6 43. Ne5 f5 44. Kd2 g4 45. Bb7 Ned5 46. Ke1 g3 47. Kf1 Ne3+ 48. Kg1 Nh3+ 49. Kh1 Nf2+ 50. Kg1 f4 51. Bf3 Nh3+ 52. Kh1 Ng5 0-1

[Event "Wch U18 blitz"]
[Site "Batumi"]
[Date "2023.06.10"]
[Round "1"]
[White "Sakovich, Luka"]
[Black "Tsaruk, Maksim"]
[Result "0-1"]
[WhiteElo "1903"]
[BlackElo "2363"]
[PlyCount "88"]
[EventDate "2023.06.10"]
[EventType "swiss (blitz)"]
[EventRounds "11"]
[EventCountry "GEO"]
[SourceTitle "EXT 2024"]
[Source "ChessBase"]
[SourceDate "2023.10.10"]
[SourceVersion "1"]
[SourceVersionDate "2023.10.10"]
[SourceQuality "1"]
[WhiteTeam "FIDE"]
[BlackTeam "FIDE"]

1. e4 e5 2. Nf3 Nc6 3. Bc4 Nf6 4. d3 Be7 5. c3 0-0 6. Bb3 d5 7. Qe2 Be6 8. h3 h6 9. 0-0 Qd7 10. Nbd2 Rad8 11. Rd1 a6 12. Nf1 Bd6 13. Ng3 Rfe8 14. Nh4 d4 15. Nhf5 Bf8 16. Qf3 Nh7 17. h4 Bxb3 18. axb3 Qe6 19. Qg4 Kh8 20. b4 g6 21. Nxh6 Bxh6 22. Qxe6 Rxe6 23. Bxh6 dxc3 24. bxc3 Red6 25. Ra2 Rxd3 26. Rad2 Rxd2 27. Rxd2 Rxd2 28. Bxd2 Nf6 29. Kf1 Kg7 30. Ke2 b6 31. f4 exf4 32. Bxf4 Ne8 33. Kd3 Nd8 34. Ne2 Ne6 35. Bh2 c5 36. Kc4 b5+ 37. Kd5 Nf6+ 38. Kc6 Nxe4 39. Be5+ f6 40. Kd5 fxe5 41. Kxe6 Nxc3 42. Nxc3 cxb4 43. Nb1 e4 44. Kd5 e3 0-1

[Event "Wch U18 rapid"]
[Site "Batumi"]
[Date "2023.06.08"]
[Round "11"]
[White "Badacsonyi, Frankie"]
[Black "Sakovich, Luka"]
[Result "1/2-1/2"]
[WhiteElo "1966"]
[BlackElo "1806"]
[PlyCount "41"]
[EventDate "2023.06.06"]
[EventType "swiss (rapid)"]
[EventRounds "11"]
[EventCountry "GEO"]
[SourceTitle "CBM 214 Extra"]
[Source "ChessBase"]
[SourceDate "2023.07.31"]
[SourceVersion "1"]
[SourceVersionDate "2023.07.31"]
[SourceQuality "1"]

1. d4 Nf6 2. c4 e6 3. Nf3 Bb4+ 4. Bd2 a5 5. g3 b6 6. Bg2 Bb7 7. 0-0 0-0 8. Bf4 Nh5 9. Bg5 Be7 10. Bxe7 Qxe7 11. Qc2 Nf6 12. Nc3 d6 13. Rfd1 c5 14. Qb3 Nbd7 15. dxc5 Nxc5 16. Qc2 Rac8 17. b3 Nce4 18. Nxe4 Bxe4 19. Qd2 d5 20. cxd5 Bxd5 21. Qb2 1/2-1/2

[Event "Wch U18 rapid"]
[Site "Batumi"]
[Date "2023.06.07"]
[Round "7"]
[White "Sakovich, Luka"]
[Black "Elmi, Saad Abobaker"]
[Result "0-1"]
[WhiteElo "1806"]
[BlackElo "2336"]
[PlyCount "90"]
[EventDate "2023.06.06"]
[EventType "swiss (rapid)"]
[EventRounds "11"]
[EventCountry "GEO"]
[SourceTitle "CBM 214 Extra"]
[Source "ChessBase"]
[SourceDate "2023.07.31"]
[SourceVersion "1"]
[SourceVersionDate "2023.07.31"]
[SourceQuality "1"]

1. f4 Nh6 2. Nf3 d5 3. e3 g6 4. b3 Bg7 5. Nc3 c5 6. Bb2 0-0 7. Be2 Nc6 8. Na4 Bxb2 9. Nxb2 Bg4 10. 0-0 Bxf3 11. Bxf3 e6 12. Qe1 Kh8 13. Nd3 b6 14. Nf2 g5 15. Ng4 Nxg4 16. Bxg4 f5 17. Be2 Rg8 18. c4 g4 19. Qc1 d4 20. a3 Rg7 21. Qc2 Qf6 22. e4 Rd8 23. exf5 d3 24. Bxd3 Qd4+ 25. Kh1 Qxd3 26. Qxd3 Rxd3 27. fxe6 Rd8 28. f5 Re7 29. Rae1 Nd4 30. Re5 Rf8 31. Kg1 Kg7 32. h3 gxh3 33. g4 Kf6 34. Re3 Rg8 35. Rxh3 Rxg4+ 36. Kh2 Nxf5 37. Rh5 Rg5 38. Rh6+ Kg7 39. Rh3 Rxe6 40. Rd3 Rh6+ 41. Rh3 Rxh3+ 42. Kxh3 Kf6 43. Kh2 Rg4 44. Rf3 h5 45. Rd3 Rd4 0-1

[Event "Chigorin Memorial 29th"]
[Site "St Petersburg"]
[Date "2022.10.23"]
[Round "2"]
[White "Sakovich, Luka"]
[Black "Timerkhanov, Alexander"]
[Result "0-1"]
[WhiteElo "1685"]
[BlackElo "2372"]
[PlyCount "82"]
[EventDate "2022.10.22"]
[EventType "swiss"]
[EventRounds "9"]
[EventCountry "RUS"]
[SourceTitle "EXT 2024"]
[Source "ChessBase"]
[SourceDate "2023.10.10"]
[SourceVersion "1"]
[SourceVersionDate "2023.10.10"]
[SourceQuality "1"]

1. e4 c5 2. Nf3 b6 3. d4 cxd4 4. Nxd4 Bb7 5. Nc3 a6 6. Be3 e6 7. a3 Qc7 8. g3 Nf6 9. Bg2 d6 10. Qe2 Nbd7 11. Rd1 Nc5 12. Bc1 Be7 13. 0-0 Rd8 14. Rfe1 0-0 15. f4 Rfe8 16. b4 Ncd7 17. Bb2 e5 18. Nf5 b5 19. Nd5 Bxd5 20. exd5 Bf8 21. fxe5 Nxe5 22. Bxe5 Rxe5 23. Qf2 Ng4 24. Qd4 Rde8 25. Rf1 h5 26. h3 Ne3 27. Nxe3 Rxe3 28. Qf4 g6 29. Rd3 Re1 30. Rdf3 R8e7 31. Rxe1 Rxe1+ 32. Kh2 Bg7 33. Qd2 Qe7 34. Qf2 h4 35. Bf1 Be5 36. Kg2 Bxg3 37. Qd2 Qe5 38. Rc3 Qe4+ 39. Kg1 Bf4 40. Rc8+ Kh7 41. Qg2 Be3+ 0-1

[Event "Novorossiysk Small Land op"]
[Site "Novorossiysk"]
[Date "2022.07.21"]
[Round "1"]
[White "Sakovich, Luka"]
[Black "Karavaev, Vladimir"]
[Result "0-1"]
[WhiteElo "1679"]
[BlackElo "2443"]
[PlyCount "62"]
[EventDate "2022.07.21"]
[EventType "swiss"]
[EventRounds "9"]
[EventCountry "RUS"]
[SourceTitle "CBM 209 Extra"]
[Source "ChessBase"]
[SourceDate "2022.09.30"]
[SourceVersion "1"]
[SourceVersionDate "2022.09.30"]
[SourceQuality "1"]

1. e4 d5 2. exd5 Qxd5 3. Nc3 Qd6 4. d4 Nf6 5. Nf3 a6 6. Bd3 Nc6 7. h3 Nb4 8. Be3 g6 9. Ne5 Bg7 10. Bc4 0-0 11. a3 Nbd5 12. Nxd5 Nxd5 13. Qf3 Be6 14. 0-0-0 Nxe3 15. Qxe3 c5 16. Rhe1 Bxc4 17. Nxc4 cxd4 18. Qxe7 Qd5 19. b3 Rac8 20. Qe4 Qc5 21. Qxb7 Qg5+ 22. Kb1 Qf4 23. Qe4 Qxf2 24. Rf1 Qg3 25. Rd3 Qb8 26. Qd5 Rc7 27. Rdf3 Re7 28. Nd6 Qc7 29. Ne4 Rfe8 30. Nf6+ Bxf6 31. Rxf6 Re1+ 0-1